[Event "ESP-chT Rapid"]
[Site "Ciudad Real"]
[Date "2021.10.10"]
[Round "7.6"]
[White "Perez Bartivas, Daniel"]
[Black "Camacho Collados, Jose"]
[Result "0-1"]
[WhiteElo "1814"]
[BlackElo "2400"]
[PlyCount "87"]
[EventDate "2021.10.09"]
[EventType "team-swiss (rapid)"]
[EventRounds "9"]
[EventCountry "ESP"]
[SourceTitle "CBM 204 Extra"]
[Source "ChessBase"]
[SourceDate "2021.11.30"]
[SourceVersion "1"]
[SourceVersionDate "2021.11.30"]
[SourceQuality "1"]
[WhiteTeam "La Zubia"]
[BlackTeam "Nazari"]
[WhiteTeamCountry "ESP"]
[BlackTeamCountry "ESP"]

1. e4 c5 2. d4 cxd4 3. c3 d3 4. Nf3 g6 5. Bxd3 Bg7 6. 0-0 d6 7. Qe2 Nf6 8. Rd1 Nfd7 9. Bf4 Nc6 10. Na3 0-0 11. Nc2 Nde5 12. Bb5 Bg4 13. Bxc6 Bxf3 14. gxf3 bxc6 15. Bxe5 Bxe5 16. Qe3 Qc8 17. f4 Qg4+ 18. Qg3 Qxf4 19. Qxf4 Bxf4 20. Nd4 Rfc8 21. Kg2 Rab8 22. Rab1 a5 23. h3 Rb6 24. Kf3 Be5 25. Ke3 Rcb8 26. Rd2 a4 27. f4 Bg7 28. Kd3 Kf8 29. Rf2 Ke8 30. f5 Bf6 31. fxg6 hxg6 32. Nf3 Rb5 33. Nd4 Rh5 34. Rf3 Kd7 35. Nc2 Rc5 36. Nb4 a3 37. Na6 Rxc3+ 38. bxc3 Rxb1 39. Kc2 Rb2+ 40. Kd3 Rxa2 41. Nb4 Rb2 42. Rf1 Rxb4 43. cxb4 a2 44. Rc1 0-1

[Event "ESP-chT Rapid"]
[Site "Ciudad Real"]
[Date "2021.10.09"]
[Round "1.5"]
[White "Perez Bartivas, Daniel"]
[Black "Sousa, Andre Ventura"]
[Result "0-1"]
[WhiteElo "1814"]
[BlackElo "2428"]
[PlyCount "46"]
[EventDate "2021.10.09"]
[EventType "team-swiss (rapid)"]
[EventRounds "9"]
[EventCountry "ESP"]
[SourceTitle "CBM 204 Extra"]
[Source "ChessBase"]
[SourceDate "2021.11.30"]
[SourceVersion "1"]
[SourceVersionDate "2021.11.30"]
[SourceQuality "1"]
[WhiteTeam "La Zubia"]
[BlackTeam "Ourense Deportivo"]
[WhiteTeamCountry "ESP"]
[BlackTeamCountry "ESP"]

1. e4 e5 2. Nf3 Nc6 3. Bc4 Nf6 4. d4 exd4 5. e5 d5 6. Bb5 Ne4 7. Nxd4 Bc5 8. Be3 0-0 9. Bxc6 bxc6 10. 0-0 Qe8 11. f3 Nf6 12. f4 Ng4 13. Bf2 f6 14. e6 Nxf2 15. Rxf2 Bxe6 16. Nc3 Bd7 17. Qd3 Qg6 18. f5 Qg4 19. Rd1 Rfe8 20. h3 Qh4 21. Na4 Bxd4 22. Qxd4 Re1+ 23. Kh2 Re4 0-1